<?xml version="1.0" encoding="UTF-8"?>
<record
    xmlns:xsi="http://www.w3.org/2001/XMLSchema-instance"
    xsi:schemaLocation="http://www.loc.gov/MARC21/slim http://www.loc.gov/standards/marcxml/schema/MARC21slim.xsd"
    xmlns="http://www.loc.gov/MARC21/slim">

  <leader>02369nam a22002417a 4500</leader>
  <datafield tag="999" ind1=" " ind2=" ">
    <subfield code="c">97606</subfield>
    <subfield code="d">97606</subfield>
  </datafield>
  <controlfield tag="003">NALT</controlfield>
  <controlfield tag="005">20250919104924.0</controlfield>
  <controlfield tag="008">200922b        th ||||| ||||o00| 0 tha d</controlfield>
  <datafield tag="040" ind1=" " ind2=" ">
    <subfield code="a">NALT</subfield>
  </datafield>
  <datafield tag="086" ind1=" " ind2=" ">
    <subfield code="a">&#xE2A;&#xE27; 18 7.3 305.569 2563</subfield>
  </datafield>
  <datafield tag="110" ind1="2" ind2=" ">
    <subfield code="a">&#xE2A;&#xE33;&#xE19;&#xE31;&#xE01;&#xE07;&#xE32;&#xE19;&#xE40;&#xE25;&#xE02;&#xE32;&#xE18;&#xE34;&#xE01;&#xE32;&#xE23;&#xE27;&#xE38;&#xE12;&#xE34;&#xE2A;&#xE20;&#xE32;.</subfield>
    <subfield code="b">&#xE2A;&#xE33;&#xE19;&#xE31;&#xE01;&#xE01;&#xE23;&#xE23;&#xE21;&#xE32;&#xE18;&#xE34;&#xE01;&#xE32;&#xE23; 3</subfield>
    <subfield code="9">1863</subfield>
  </datafield>
  <datafield tag="245" ind1="1" ind2="0">
    <subfield code="a">&#xE23;&#xE32;&#xE22;&#xE07;&#xE32;&#xE19;&#xE01;&#xE32;&#xE23;&#xE1E;&#xE34;&#xE08;&#xE32;&#xE23;&#xE13;&#xE32;&#xE28;&#xE36;&#xE01;&#xE29;&#xE32; &#xE40;&#xE23;&#xE37;&#xE48;&#xE2D;&#xE07; &#xE41;&#xE19;&#xE27;&#xE17;&#xE32;&#xE07;&#xE01;&#xE32;&#xE23;&#xE43;&#xE2B;&#xE49;&#xE04;&#xE27;&#xE32;&#xE21;&#xE0A;&#xE48;&#xE27;&#xE22;&#xE40;&#xE2B;&#xE25;&#xE37;&#xE2D;&#xE04;&#xE19;&#xE44;&#xE23;&#xE49;&#xE17;&#xE35;&#xE48;&#xE1E;&#xE36;&#xE48;&#xE07; (&#xE01;&#xE25;&#xE38;&#xE48;&#xE21;&#xE04;&#xE19;&#xE44;&#xE23;&#xE49;&#xE1A;&#xE49;&#xE32;&#xE19;) &#xE40;&#xE1E;&#xE37;&#xE48;&#xE2D;&#xE01;&#xE32;&#xE23;&#xE2A;&#xE48;&#xE07;&#xE40;&#xE2A;&#xE23;&#xE34;&#xE21;&#xE28;&#xE31;&#xE01;&#xE22;&#xE20;&#xE32;&#xE1E;&#xE14;&#xE49;&#xE32;&#xE19;&#xE01;&#xE32;&#xE23;&#xE1E;&#xE31;&#xE12;&#xE19;&#xE32;&#xE04;&#xE38;&#xE13;&#xE20;&#xE32;&#xE1E;&#xE0A;&#xE35;&#xE27;&#xE34;&#xE15;&#xE41;&#xE25;&#xE30;&#xE04;&#xE27;&#xE32;&#xE21;&#xE40;&#xE1B;&#xE47;&#xE19;&#xE2D;&#xE22;&#xE39;&#xE48; &#xE02;&#xE2D;&#xE07;&#xE04;&#xE13;&#xE30;&#xE01;&#xE23;&#xE23;&#xE21;&#xE32;&#xE18;&#xE34;&#xE01;&#xE32;&#xE23;&#xE01;&#xE32;&#xE23;&#xE1E;&#xE31;&#xE12;&#xE19;&#xE32;&#xE2A;&#xE31;&#xE07;&#xE04;&#xE21; &#xE41;&#xE25;&#xE30;&#xE01;&#xE34;&#xE08;&#xE01;&#xE32;&#xE23;&#xE40;&#xE14;&#xE47;&#xE01; &#xE40;&#xE22;&#xE32;&#xE27;&#xE0A;&#xE19; &#xE2A;&#xE15;&#xE23;&#xE35; &#xE1C;&#xE39;&#xE49;&#xE2A;&#xE39;&#xE07;&#xE2D;&#xE32;&#xE22;&#xE38; &#xE04;&#xE19;&#xE1E;&#xE34;&#xE01;&#xE32;&#xE23; &#xE41;&#xE25;&#xE30;&#xE1C;&#xE39;&#xE49;&#xE14;&#xE49;&#xE2D;&#xE22;&#xE42;&#xE2D;&#xE01;&#xE32;&#xE2A; &#xE27;&#xE38;&#xE12;&#xE34;&#xE2A;&#xE20;&#xE32; /</subfield>
    <subfield code="c">&#xE2A;&#xE33;&#xE19;&#xE31;&#xE01;&#xE01;&#xE23;&#xE23;&#xE21;&#xE32;&#xE18;&#xE34;&#xE01;&#xE32;&#xE23; 3 &#xE2A;&#xE33;&#xE19;&#xE31;&#xE01;&#xE07;&#xE32;&#xE19;&#xE40;&#xE25;&#xE02;&#xE32;&#xE18;&#xE34;&#xE01;&#xE32;&#xE23;&#xE27;&#xE38;&#xE12;&#xE34;&#xE2A;&#xE20;&#xE32;.</subfield>
  </datafield>
  <datafield tag="260" ind1=" " ind2=" ">
    <subfield code="a">&#xE01;&#xE23;&#xE38;&#xE07;&#xE40;&#xE17;&#xE1E;&#xE2F; :</subfield>
    <subfield code="b">&#xE2A;&#xE33;&#xE19;&#xE31;&#xE01;&#xE01;&#xE23;&#xE23;&#xE21;&#xE32;&#xE18;&#xE34;&#xE01;&#xE32;&#xE23; 3 &#xE2A;&#xE33;&#xE19;&#xE31;&#xE01;&#xE07;&#xE32;&#xE19;&#xE40;&#xE25;&#xE02;&#xE32;&#xE18;&#xE34;&#xE01;&#xE32;&#xE23;&#xE27;&#xE38;&#xE12;&#xE34;&#xE2A;&#xE20;&#xE32;, </subfield>
    <subfield code="c">2563.</subfield>
  </datafield>
  <datafield tag="300" ind1=" " ind2=" ">
    <subfield code="a">21 &#xE2B;&#xE19;&#xE49;&#xE32; :</subfield>
    <subfield code="b">&#xE20;&#xE32;&#xE1E;&#xE1B;&#xE23;&#xE30;&#xE01;&#xE2D;&#xE1A; ;</subfield>
    <subfield code="c">29 &#xE0B;&#xE21;.</subfield>
  </datafield>
  <datafield tag="610" ind1="2" ind2="0">
    <subfield code="a">&#xE04;&#xE13;&#xE30;&#xE01;&#xE23;&#xE23;&#xE21;&#xE32;&#xE18;&#xE34;&#xE01;&#xE32;&#xE23;&#xE01;&#xE32;&#xE23;&#xE1E;&#xE31;&#xE12;&#xE19;&#xE32;&#xE2A;&#xE31;&#xE07;&#xE04;&#xE21;&#xE41;&#xE25;&#xE30;&#xE01;&#xE34;&#xE08;&#xE01;&#xE32;&#xE23;&#xE40;&#xE14;&#xE47;&#xE01; &#xE40;&#xE22;&#xE32;&#xE27;&#xE0A;&#xE19; &#xE2A;&#xE15;&#xE23;&#xE35; &#xE1C;&#xE39;&#xE49;&#xE2A;&#xE39;&#xE07;&#xE2D;&#xE32;&#xE22;&#xE38; &#xE04;&#xE19;&#xE1E;&#xE34;&#xE01;&#xE32;&#xE23;&#xE41;&#xE25;&#xE30;&#xE1C;&#xE39;&#xE49;&#xE14;&#xE49;&#xE2D;&#xE22;&#xE42;&#xE2D;&#xE01;&#xE32;&#xE2A; &#xE27;&#xE38;&#xE12;&#xE34;&#xE2A;&#xE20;&#xE32;</subfield>
    <subfield code="x">&#xE23;&#xE32;&#xE22;&#xE07;&#xE32;&#xE19;</subfield>
    <subfield code="9">42920</subfield>
  </datafield>
  <datafield tag="650" ind1=" " ind2="4">
    <subfield code="9">47469</subfield>
    <subfield code="a">&#xE04;&#xE19;&#xE44;&#xE23;&#xE49;&#xE17;&#xE35;&#xE48;&#xE2D;&#xE22;&#xE39;&#xE48;&#xE2D;&#xE32;&#xE28;&#xE31;&#xE22;</subfield>
  </datafield>
  <datafield tag="653" ind1=" " ind2="4">
    <subfield code="a">&#xE01;&#xE25;&#xE38;&#xE48;&#xE21;&#xE04;&#xE19;&#xE44;&#xE23;&#xE49;&#xE1A;&#xE49;&#xE32;&#xE19;</subfield>
  </datafield>
  <datafield tag="710" ind1="2" ind2=" ">
    <subfield code="a">&#xE04;&#xE13;&#xE30;&#xE01;&#xE23;&#xE23;&#xE21;&#xE32;&#xE18;&#xE34;&#xE01;&#xE32;&#xE23;&#xE01;&#xE32;&#xE23;&#xE1E;&#xE31;&#xE12;&#xE19;&#xE32;&#xE2A;&#xE31;&#xE07;&#xE04;&#xE21;&#xE41;&#xE25;&#xE30;&#xE01;&#xE34;&#xE08;&#xE01;&#xE32;&#xE23;&#xE40;&#xE14;&#xE47;&#xE01; &#xE40;&#xE22;&#xE32;&#xE27;&#xE0A;&#xE19; &#xE2A;&#xE15;&#xE23;&#xE35; &#xE1C;&#xE39;&#xE49;&#xE2A;&#xE39;&#xE07;&#xE2D;&#xE32;&#xE22;&#xE38; &#xE04;&#xE19;&#xE1E;&#xE34;&#xE01;&#xE32;&#xE23;&#xE41;&#xE25;&#xE30;&#xE1C;&#xE39;&#xE49;&#xE14;&#xE49;&#xE2D;&#xE22;&#xE42;&#xE2D;&#xE01;&#xE32;&#xE2A; &#xE27;&#xE38;&#xE12;&#xE34;&#xE2A;&#xE20;&#xE32;.</subfield>
    <subfield code="9">42937</subfield>
  </datafield>
  <datafield tag="850" ind1=" " ind2=" ">
    <subfield code="a">NALT</subfield>
  </datafield>
  <datafield tag="942" ind1=" " ind2=" ">
    <subfield code="c">PAR</subfield>
    <subfield code="2">local</subfield>
  </datafield>
  <datafield tag="998" ind1=" " ind2=" ">
    <subfield code="a">bijaya</subfield>
    <subfield code="c">DAO</subfield>
    <subfield code="j">1020</subfield>
    <subfield code="k"> &#xE19;&#xE32;&#xE07;&#xE08;&#xE33;&#xE40;&#xE23;&#xE35;&#xE22;&#xE07;  &#xE23;&#xE30;&#xE27;&#xE31;&#xE07;&#xE2A;&#xE33;&#xE42;&#xE23;&#xE07;</subfield>
  </datafield>
  <datafield tag="952" ind1=" " ind2=" ">
    <subfield code="0">0</subfield>
    <subfield code="1">0</subfield>
    <subfield code="2">local</subfield>
    <subfield code="4">0</subfield>
    <subfield code="7">0</subfield>
    <subfield code="8">CPARPUB</subfield>
    <subfield code="a">NALT</subfield>
    <subfield code="b">NALT</subfield>
    <subfield code="c">PARPUB</subfield>
    <subfield code="d">2020-09-25</subfield>
    <subfield code="o">&#xE2A;&#xE27; 18 7.3 305.569 2563</subfield>
    <subfield code="p">3961211386</subfield>
    <subfield code="r">2020-10-09 00:00:00</subfield>
    <subfield code="t">&#xE09;.1</subfield>
    <subfield code="w">2020-09-25</subfield>
    <subfield code="y">PAR</subfield>
  </datafield>
  <datafield tag="952" ind1=" " ind2=" ">
    <subfield code="0">0</subfield>
    <subfield code="1">0</subfield>
    <subfield code="2">local</subfield>
    <subfield code="4">0</subfield>
    <subfield code="7">0</subfield>
    <subfield code="8">CPARPUB</subfield>
    <subfield code="a">NALT</subfield>
    <subfield code="b">NALT</subfield>
    <subfield code="c">PARPUB</subfield>
    <subfield code="d">2020-09-25</subfield>
    <subfield code="o">&#xE2A;&#xE27; 18 7.3 305.569 2563</subfield>
    <subfield code="p">3961211401</subfield>
    <subfield code="r">2020-10-09 00:00:00</subfield>
    <subfield code="t">&#xE09;.2</subfield>
    <subfield code="w">2020-09-25</subfield>
    <subfield code="y">PAR</subfield>
  </datafield>
</record>
